00565 a2200217 4500260001000000630002500010037001300035650002800048100002000076260001700096245003200113300001100145650002900156260000900185300000900194100000700203037001200210020001800222999001700240952009000257 aParis a657 - Comptabilité b1, Achat a6 - SCIENCES APPLIQUEES aKlotz, Gérard bArmand Colin ala comptabilité nationale a175 p. aComptabilité nationale c1990 b21cm lFr aDE 6461 a2-200-33045-6 c42104d42104 00104070aBUACbBUACd2009-02-28l0o657 KLOr2009-02-28 00:00:00w2009-02-28yLIVR